| 000 | 00853nam a22002057a 4500 | ||
|---|---|---|---|
| 999 |
_c2187 _d2187 |
||
| 003 | AR-CdUCM | ||
| 008 | 190304b ||||| |||| 00| 0 spa d | ||
| 040 |
_aMUNICIPALIDAD PROVINCIAL DEL CUSCO _cBIBLIOTECA MUNICIPAL DEL CUSCO |
||
| 082 |
_a985.061 / _bL86 |
||
| 100 |
_aLopez, Jacinto _97890 |
||
| 245 | _aHistoria de la guerra del guano y el salitre o Guerra del Pacífico entre Chile, Bolivia y el Perú / | ||
| 260 |
_aLima : _bDocumentos, _c1979. |
||
| 300 |
_a413 páginas ; _c21 cm. |
||
| 505 | _aContenido: Origen de la cuestión de limites -- La disputa de limites -- Las alianzas de 1865-66 -- El tratado de 1866 -- Esfuerzos de Bolivia para la revisión del tratado de 1866: la misión de Bustillo ... | ||
| 650 |
_aGuerra naval _94983 |
||
| 650 |
_aCovadonga _97891 |
||
| 650 |
_aAntofagasta _97892 |
||
| 942 |
_2ddc _cLIBROS |
||
| 945 | _aafb | ||